=LDR 00000nam 2200000 4500 =001 INLIS000000000034659 =005 20220712012004 =035 ##$$a 0010-061300000034659 =008 220712################j##########0#ind## =041 ##$$a ind =082 ##$$a F Rom K =090 ##$$a F Rom K, Han c =100 ##$$a Handayani,Abdi =245 1#$$a Cha untuk chayang, Kisah Lina, Pudel dan Cha Lalte/Oleh Abmi Handayani, Dalih Sembiring =260 ##$$a Jakarta :$b Gramedia,$c 2007 =300 ##$$a 218 hlm : $b Ilus ; $c 20 cm =650 #4$$a Fiksi Kanak-kanak =700 #$$a Sembiring, Dalih =850 ##$$a NBPNMAT =020 ##$$a 979-22-2739-3 =084 ##$$a F Rom K HAN c =990 ##$$a 0001/BPAP-NTB/2015 =990 ##$$a 0001/BPAP-NTB/2015 =990 ##$$a 06560656 =990 ##$$a 21009536 =990 ##$$a 0001/BPAP-NTB/2015 =990 ##$$a 0001/BPAP-NTB/2015